Pautas para el manejo de crías de Zarigüeya en estado de indefención (Registro nro. 20066)

Detalles MARC
000 -CABECERA
Campo de control 00975nam a22002777a 4500
005 - FECHA Y HORA DE LA ULTIMA TRANSACCION
Campo de control 20180104105754.0
008 - ELEMENTOS DE LONGITUD FIJA—INFORMACION GENERAL
Campo de control 180104b 2016C ||||| |||| 00| 0 spa d
020 ## - ISBN
ISBN 9789584681379
040 ## - FUENTE DE CATALOGACIÓN
Agencia catalogadora original CO-BoIAVH
Agencia transcriptora CO-BoIAVH
041 ## - IDIOMA
Código de idioma para texto/pista de sonido o título separado Español
044 ## - PAÍS DE PUBLICACIÓN
País de publicación Colombia
082 ## - NUMERO DE CLASIFICACION DECIMAL DEWEY
Número de clasificación 599.276
Número del ítem V85p
100 1# - ASIENTO PRINCIPAL--NOMBRE PERSONAL
Nombre personal Vivas Serna, Carolina
Término relacionado autora
9 (RLIN) 88395
245 10 - MENCION DE TITULO
Título Pautas para el manejo de crías de Zarigüeya en estado de indefención
260 ## - PUBLICACION, DISTRIBUCION, ETC. (PIE DE IMPRENTA)
Lugar de publicación, distribución, etc. Bogotá:
Nombre del editor, distribuidor, etc. Fundación Zarigüeya,
Fecha de publicación, distribución, etc. 2016.
300 ## - DESCRIPCION FISICA
Extensión 86. páginas
Otros detalles físicos fotografías blanco y negro
Dimensiones 20 x19cm
650 14 - ASIENTO SECUNDARIO DE MATERIA - TERMINO TEMATICO
Término temático o nombre geográfico como elemento de entrada Zarigüeyas
Subdivisión general Historia
9 (RLIN) 88396
650 14 - ASIENTO SECUNDARIO DE MATERIA - TERMINO TEMATICO
Término temático o nombre geográfico como elemento de entrada Zarigüeyas
Subdivisión general Conservación
9 (RLIN) 88397
650 14 - ASIENTO SECUNDARIO DE MATERIA - TERMINO TEMATICO
Término temático o nombre geográfico como elemento de entrada Zarigüeyas
9 (RLIN) 88398
650 14 - ASIENTO SECUNDARIO DE MATERIA - TERMINO TEMATICO
Término temático o nombre geográfico como elemento de entrada Zarigüeyas
Subdivisión general importancia social
9 (RLIN) 88399
650 14 - ASIENTO SECUNDARIO DE MATERIA - TERMINO TEMATICO
Término temático o nombre geográfico como elemento de entrada Zarigüeyas
Subdivisión general Ecología
9 (RLIN) 88400
650 14 - ASIENTO SECUNDARIO DE MATERIA - TERMINO TEMATICO
Término temático o nombre geográfico como elemento de entrada Zarigüeyas
Subdivisión general Descripción
9 (RLIN) 88401
700 ## - ASIENTO SECUNDARIO - NOMBRE PERSONAL
Nombre personal Flórez Oliveros, Francisco Javier
Término de relación autor
9 (RLIN) 88402
700 ## - ASIENTO SECUNDARIO - NOMBRE PERSONAL
Nombre personal Castrillon Gallego, Juan Felipe
Término de relación autor
9 (RLIN) 88403
942 ## - ELEMENTOS ADICIONALES (KOHA)
Sistema de clasificación Dewey Decimal Classification
Tipo de ítem Libro
Existencias
Withdrawn status Lost status Sistema de Clasificación Damaged status No para préstamo Colección Ubicación Permanente Ubicación actual Fecha de adquisición Total Checkouts Número topográfico Inventario / Código de Barras Date last seen Ejemplar Price effective from Forma de adquisición Tipo de material
    Dewey Decimal Classification     General Bogotá Bogotá 04/01/2018   LB-599.276 V85p 043459 04/01/2018 Ej. 1 04/01/2018 Donación Libro